=LDR 00000nam 2200000 4500 =001 INLIS000000000047184 =005 20150904163333.0 =006 =007 =008 =020 ##$$a 978-979-448-920-8 =035 ##$$0010-091500000000014 =040 ##$$a ind =082 ##$$a 615 =090 ##$$a 615 $b Ger f =100 ##$$a Gery, Schmitz =245 ##$$a Farmakologi dan Toksikologi =250 ##$$a ed.3 =260 ##$$a Jakarta $b EGC $c 2008 =300 ##$$a x, 697 hlm $b 21 cm =850 ##$$a NBPDMAT =990 ##$$a 0001/BPAP-NTB/2015 =990 ##$$a 02430243